Conciliación y arbitraje : (Registro nro. 6933)
[ vista simple ]
| 000 -LEADER | |
|---|---|
| fixed length control field | 01521nam a22002657a 4500 |
| 003 - CONTROL NUMBER IDENTIFIER | |
| control field | OSt |
| 005 - DATE AND TIME OF LATEST TRANSACTION | |
| control field | 20201016131820.0 |
| 008 - FIXED-LENGTH DATA ELEMENTS--GENERAL INFORMATION | |
| fixed length control field | 201016s2004 ck ||||gr|||| 00| 0 spa d |
| 040 ## - CATALOGING SOURCE | |
| Original cataloging agency | CO-JMCR |
| Transcribing agency | CO-JMCR |
| 041 0# - LANGUAGE CODE | |
| Language code of text/sound track or separate title | spa |
| 082 04 - DEWEY DECIMAL CLASSIFICATION NUMBER | |
| Classification number | 347.09009861 / |
| Item number | M665c |
| Edition number | 23 |
| 110 2# - MAIN ENTRY--CORPORATE NAME | |
| Corporate name or jurisdiction name as entry element | Colombia. MInisterio del Interior y de Justicia |
| 9 (RLIN) | 3541 |
| 245 10 - TITLE STATEMENT | |
| Title | Conciliación y arbitraje : |
| Remainder of title | normatividad, jurisprudencia y conceptos / |
| Statement of responsibility, etc. | Ministerio del Interior y de Justicia |
| 250 ## - EDITION STATEMENT | |
| Edition statement | Primera edición |
| 260 ## - PUBLICATION, DISTRIBUTION, ETC. | |
| Place of publication, distribution, etc. | Bogotá : |
| Name of publisher, distributor, etc. | Universidad Nacional de Colombia, |
| Date of publication, distribution, etc. | 2004. |
| 300 ## - PHYSICAL DESCRIPTION | |
| Extent | 448 páginas ; |
| Dimensions | 24 cm. |
| 505 0# - FORMATTED CONTENTS NOTE | |
| Formatted contents note | Conciliación -- Normatividad vigente en conciliación sistematizada por leyes -- Normatividad vigente en conciliación sistematizada por materias |
| 520 0# - SUMMARY, ETC. | |
| Summary, etc. | La línea institucional en conciliación y arbitraje es la base conceptual y jurídica del Ministerio del Interior y de Justicia como suprema autoridad administrativa del ramo: de esta manera, el Ministerio busca que la presente obra sea un documento de estudio y consulta para los usuarios de la conciliación y el arbitraje, como dos de los métodos alternativos de mayor trayectoria, fortaleza y proyección en Colombia. |
| 650 24 - SUBJECT ADDED ENTRY--TOPICAL TERM | |
| Topical term or geographic name entry element | Conciliación y arbitraje |
| 9 (RLIN) | 11644 |
| 650 24 - SUBJECT ADDED ENTRY--TOPICAL TERM | |
| Topical term or geographic name entry element | Estudio |
| General subdivision | Conciliación y arbitraje |
| 9 (RLIN) | 11645 |
| 650 24 - SUBJECT ADDED ENTRY--TOPICAL TERM | |
| Topical term or geographic name entry element | Consulta |
| General subdivision | Conciliación y arbitraje |
| 9 (RLIN) | 11646 |
| 650 24 - SUBJECT ADDED ENTRY--TOPICAL TERM | |
| Topical term or geographic name entry element | Normatividad |
| General subdivision | Conciliación y arbitraje |
| 9 (RLIN) | 11647 |
| 650 24 - SUBJECT ADDED ENTRY--TOPICAL TERM | |
| Topical term or geographic name entry element | Jurisprudencia |
| General subdivision | Conciliación y arbitraje |
| 9 (RLIN) | 11648 |
| 942 ## - ADDED ENTRY ELEMENTS (KOHA) | |
| Source of classification or shelving scheme | Dewey Decimal Classification |
| Koha item type | Books |
| Withdrawn status | Lost status | Source of classification or shelving scheme | Damaged status | Not for loan | Home library | Current library | Shelving location | Date acquired | Source of acquisition | Total Checkouts | Full call number | Barcode | Date last seen | Copy number | Price effective from | Koha item type |
|---|---|---|---|---|---|---|---|---|---|---|---|---|---|---|---|---|
| Dewey Decimal Classification | Biblioteca Pública José María del Castillo y Rada | Biblioteca Pública José María del Castillo y Rada | General Stacks | 10/02/2020 | Donación | 347.09009861 / M665c | 201810060 | 05/16/2024 | Ej.1 | 10/02/2020 | Books |